Basic Logo Quiz #2 - Statistics

General Stats
  • This quiz has been taken 46 times
  • The average score is 9 of 9
Answer Stats
Picture Answer % Correct
Netflix
100%
Starbucks
100%
Twitter
100%
Youtube
100%
Android
98%
Ferrari
95%
Microsoft
95%
Reddit
95%
AT&T
76%
No matching quizzes found
Score Distribution
Percent of People with Each Score
Percentile by Number Answered
Your Score History
You have not taken this quiz